Examining the real impact of HOS on private housing markets in Hong Kong (Record no. 117481)

MARC details
000 -LEADER
fixed length control field 01130cam a2200217 4500
001 - CONTROL NUMBER
control field X126422
008 - FIXED-LENGTH DATA ELEMENTS--GENERAL INFORMATION
fixed length control field 040604n2004 000 0 eng u
035 ## - SYSTEM CONTROL NUMBER
System control number (Sirsi) u126422
100 ## - MAIN ENTRY--PERSONAL NAME
Personal name Li, L.
245 ## - TITLE STATEMENT
Title Examining the real impact of HOS on private housing markets in Hong Kong
260 ## - PUBLICATION, DISTRIBUTION, ETC.
Date of publication, distribution, etc. 2004
490 ## - SERIES STATEMENT
Series statement Surveyors' Times [Hong Kong Institute of Surveyors]
Volume/sequential designation 13(4) April 2004, 22-24(3)
520 ## - SUMMARY, ETC.
Summary, etc. Analyses whether public housing can pull down the price level of a neighbouring private housing market. Observes that Hong Kong has almost half of its population living in public or subsidised housing and in such a small city, it is difficult for developments not be built near private projects. Using collaborative data and formulae concludes that the proximity of social housing produces a stigma, but the distance involved does not necessarily correlate to the negative effect. The perceived stigma may be psychological rather than physical.
590 ## - LOCAL NOTE (RLIN)
Local note ABS
590 ## - LOCAL NOTE (RLIN)
Local note ABS
650 ## - SUBJECT ADDED ENTRY--TOPICAL TERM
Topical term or geographic name entry element HONG KONG
650 ## - SUBJECT ADDED ENTRY--TOPICAL TERM
Topical term or geographic name entry element SOCIAL HOUSING
650 ## - SUBJECT ADDED ENTRY--TOPICAL TERM
Topical term or geographic name entry element PRIVATE HOUSING
690 ## - LOCAL SUBJECT ADDED ENTRY--TOPICAL TERM (OCLC, RLIN)
Topical term or geographic name as entry element HOUSING-MARKET
942 ## - ADDED ENTRY ELEMENTS (KOHA)
Suppress in OPAC 0
Holdings
Withdrawn status Lost status Source of classification or shelving scheme Damaged status Not for loan Home library Current library Shelving location Date acquired Total Checkouts Full call number Barcode Date last seen Copy number Price effective from Koha item type
    Dewey Decimal Classification     London London Journal article 04/06/2004   X126422 126422-1001 06/08/2019 1 06/08/2019 Journal article